| 000 | 00622nam a22002177a 4500 | ||
|---|---|---|---|
| 999 |
_c3327 _d3327 |
||
| 003 | OSt | ||
| 005 | 20231114150939.0 | ||
| 008 | 231114b ||||| |||| 00| 0 eng d | ||
| 020 | _a9789675450983 | ||
| 040 | _cKH8 | ||
| 082 | _a400 AHM | ||
| 100 |
_aAhmad Zaid Ismail, _eauthor. |
||
| 245 |
_aBahaya Main Mercun / _cAhmad Zaid Ismail. |
||
| 260 |
_aKelantan ; _bPustaka Sukses, _c2016. |
||
| 300 |
_a24 pages : _bcolor illustrations ; _c19 cm x 26 cm. |
||
| 440 | _aSiri Pengajaran Positif | ||
| 650 |
_aCustoms _vetiquette |
||
| 650 |
_aDidactic fiction _vMalay |
||
| 830 | _aSiri Pengajaran Positif | ||
| 942 |
_2ddc _cTR |
||